000 00629nam a22001937a 4500
999 _c8729
_d8729
003 AR-CdUCM
008 190325b ||||| |||| 00| 0 spa d
040 _aMUNICIPALIDAD PROVINCIAL DEL CUSCO
_cBIBLIOTECA MUNICIPAL DEL CUSCO
082 _a868.6 /
_bM64
100 _aMiró, Gabriel
_910939
245 _aObras escogidas /
260 _aBarcelona :
_bAguilar,
_c1955.
300 _aXXIV , 1103 páginas ;
_c14 cm.
505 _aContenido: Cuentos y narraciones -- Novelas breves -- Novelas largas -- Páginas bíblicas
650 _aLiteratura española
_9362
650 _aSiglo XX
_98
942 _2ddc
_cLIBROS
945 _aafb